000
00315nam a22001457a 4500
008
210528b ||||| |||| 00| 0 eng d
020
_a
9780138508845
041
_a
eng
080
_2
3rd
_a
510
082
_a
510
100
_a
38
101
_a
MAT
245
_a
Intermediate Algebra
_c
John Tobey
942
_2
udc
_c
BK
999
_c
57776
_d
57776